| 000 | 00472nam a2200157 a 4500 | ||
|---|---|---|---|
| 005 | 20140412111250.0 | ||
| 008 | 000823s19uu xx 00 eng d | ||
| 050 |
_aTR(PS E _bLi72 1996 |
||
| 100 | _aBannerman, Helen | ||
| 245 |
_aStory of little Babaji (The)/ _cby helen Bannerman ; illustrated by Fred Marcelino. |
||
| 260 |
_bHarperCollins Publishers, _c1996. |
||
| 300 | _a1 v. (unp.) ; ill. | ||
| 650 | _aIndian Tales | ||
| 650 | _aTigers-Fiction | ||
| 999 |
_c103115 _d103115 |
||